Concepts and concept formation /
Se enfatiza la etapa crucial en el proceso de investigación en la cual las ideas iniciales e hipótesis son traducidas en un diseño de investigación operacional y en práctica real investigativa: la etapa de definición de conceptos. Se abordan principalmente las reglas clásicas de Giovanni Sartori par...
Պահպանված է:
| Հիմնական հեղինակ: | |
|---|---|
| Ձևաչափ: | Տեքստ |
| Լեզու: | English |
| Խորագրեր: | |
| Ցուցիչներ: |
Ավելացրեք ցուցիչ
Չկան պիտակներ, Եղեք առաջինը, ով նշում է այս գրառումը!
|
MARC
| LEADER | 00000 a a2200000 04500 | ||
|---|---|---|---|
| 001 | 42129 | ||
| 003 | cru CRAI/IIS | ||
| 005 | 20191209163353.0 | ||
| 008 | 191209b2008 uyu||||| |||| 00| 0 eng d | ||
| 999 | |c 21970 |d 21970 | ||
| 020 | |a 978-0-521-70966-8 | ||
| 040 | |c cru CRAI/IIS | ||
| 090 | |a 18.03.01 D357a | ||
| 100 | |a Mair, Peter | ||
| 245 | |a Concepts and concept formation / |c Peter Mair | ||
| 300 | |a páginas 177-197 | ||
| 520 | |a Se enfatiza la etapa crucial en el proceso de investigación en la cual las ideas iniciales e hipótesis son traducidas en un diseño de investigación operacional y en práctica real investigativa: la etapa de definición de conceptos. Se abordan principalmente las reglas clásicas de Giovanni Sartori para la formación de conceptos, y se ofrecen ejemplos de investigaciones recientes en política comparativa para ilustrar el proceso de modificación de conceptos. | ||
| 590 | |a EFU/SETIEMBRE2011 | ||
| 650 | |a CIENCIAS SOCIALES | ||
| 650 | |a METODOS DE INVESTIGACION | ||
| 650 | |a EPISTEMOLOGIA | ||
| 650 | |a CIENCIA POLITICA | ||
| 650 | |a SOCIOLOGIA | ||
| 650 | |a COMPORTAMIENTO POLITICO | ||
| 650 | |a COMPORTAMIENTO SOCIAL | ||
| 773 | |g páginas 177-197 | ||
| 942 | |2 ddc |c LI | ||
| 773 | 0 | |0 42741 |9 4058 |a Della Porta, Donatella |d Inglaterra : Cambridge University Press |o 13545 |t Approaches and methodologies in the social sciences: |w (cru CRAI/IIS)42032 |z 978-0-521-88322-1 | |



